|
|
|
|
| LEADER |
00942nam a22002532a 4500 |
| 001 |
001422415 |
| 003 |
CZ BrMZK |
| 005 |
20150211075934.0 |
| 007 |
ta |
| 008 |
140923s1980 gw af er|||||||||||ger d |
| 040 |
|
|
|a BOA001
|b cze
|
| 080 |
9 |
|
|a 616-053.2(075.8):378.4
|
| 245 |
0 |
0 |
|a Lehrbuch der Kinderheilkunde /
|c begründet von Emil Feer ; bearbeitet von H. Asperger ... [et al.] ; herausgegeben von Gerhard Joppich und Franz Josef Schulte
|
| 250 |
|
|
|a 24., völlig neubearb. Aufl.
|
| 260 |
|
|
|a Stuttgart :
|b G. Fischer,
|c 1980
|
| 300 |
|
|
|a 27, 924 s., obr. příl. :
|b il.
|
| 700 |
1 |
|
|a Feer, Emil,
|d 1864-1955
|7 nlk20000085389
|4 aut
|
| 700 |
1 |
|
|a Asperger, Hans,
|d 1906-1980
|7 mzk2013791049
|4 edt
|
| 700 |
1 |
|
|a Joppich, Gerhard
|4 edt
|
| 700 |
1 |
|
|a Schulte, Franz Josef
|4 edt
|
| 910 |
|
|
|a BOA001
|b 2-0412.035-80
|
| 990 |
|
|
|a BK
|
| 991 |
|
|
|b 201409
|
| 996 |
7 |
|
|b 2619119627
|c 2-0412.035-80
|l MZK
|r Sklad / do 24 hodin
|n 0
|w 001457461
|u 000010
|a 1
|e BOA001
|j MZK50
|s A
|